00384nam a2200121Ia 4500008004100000040001700041041001200058082001500070100001400085245010700099260004600206300001000252230917s9999||||xx |||||||||||||| ||und|| e180677aMAIN aEnglish a34:351 U3E aUniversal 0aLegal services authorities act, 1987 as amended by the Legal Services Authorities (amendment) act 2002 aNew DelhibUniversal Law Publishingc2003 a44 p.